000 00690nam a2200241 a 4500
005 20210219153333.0
008 991125n 000 0 u
035 _aUPN01000092059
100 _aEfland, Arthur
222 _aHISTORY OF EDUCATION QUARTERLY
245 _aA persistent interpretation : art education historiography and the legacy of Isaac Edwards Clarke
300 _a489-511
362 _a31, No. 4, 1991
505 _aEnero 1993
653 0 _aBORRADORES
653 0 _aDIBUJO HECHO A MANO
653 0 _aEDUCACION ARTISTICA
653 0 _aHISTORIA EDUCATIVA
653 0 _aHISTORIOGRAFIA
700 _aSoucy, Donald
904 _aAC
_b029870
905 _aArticulo
999 _c74261
_d74261